| 000 | 01287nac a22003131u 4500 | ||
|---|---|---|---|
| 010 | _a 2004300608 | ||
| 020 | _a0750675829 | ||
| 035 | _a(OCoLC)ocm55204190 | ||
| 082 |
_a658.4038 _bGOR |
||
| 090 |
_c6568 _d6568 |
||
| 100 | _aGorelick, Carol. | ||
| 245 | 1 | 0 |
_aPerformance through learning : _bknowledge management in practice / _cCarol Gorelick, Nick Milton, Kurt April. |
| 260 |
_aAmsterdam ; _aBoston, MA : _bElsevier Butterworth-Heinemann,2004 _cc2004. |
||
| 300 |
_axxiv, 408 p. : _bill. ; _c23 cm. |
||
| 440 | 0 | _aImproving human performance series | |
| 500 | _adistributer: Al-Ahram | ||
| 504 | _aIncludes bibliographical references and index. | ||
| 511 | _acataloguedd by: wessam | ||
| 650 | 0 | _aOrganizational learning. | |
| 650 | 0 | _aKnowledge management. | |
| 650 | 0 | _aOrganizational change. | |
| 650 | 0 |
_aEmployees _xTraining of. |
|
| 700 | 1 |
_aMilton, N. J. _q(Nick J.). |
|
| 700 | 1 | _aApril, Kurt. | |
| 856 | 4 | 2 |
_3Publisher description _uhttp://www.loc.gov/catdir/description/els051/2004300608.html |
| 856 | 4 | 2 |
_3Table of contents _uhttp://www.loc.gov/catdir/toc/fy045/2004300608.html |
| 942 |
_cBB _k658.4038GOR |
||
| 999 |
_c6568 _d6568 |
||